000 00400nam a2200157Ia 4500
008 230917s9999||||xx |||||||||||||| ||und||
020 _cRS185
040 _e6604
_aMAIN
041 _aEnglish
082 _a150.954 P192P
100 _aPandey, Janak, ed.
245 0 _aPsychology in India: The state of the art
260 _aNew Delhi
_bSage Publications
_c1988
300 _av, 387 p.
942 _cBK
999 _c64377
_d64377